000
00306nam a2200133Ia 4500
008
240521s1999 xx 000 0 und d
020
_a
81-239-0078-3
041
_a
eng
082
_a
729
100
_a
GHOSE D.N.
245
_a
A BOOK OF HOME PLANS.
260
_b
C.B.S PUBLISHERS
_c
1999
300
_a
229
999
_c
1157859
_d
1157859